Technickoorganizační rozvoj výroby výrobní základ podnikové racionalizace

Saved in:
Bibliographic Details
Main Author: Jirásek, Jaroslav
Format: Book
Language:Czech
Published: Praha Institut řízení 1970
Series:Rotaprint
Tags: Add Tag
No Tags, Be the first to tag this record!

MARC

LEADER 00000nam a2200000 4500
001 c122120
005 20041019155224.4
041 0 |a cze 
044 |a CZ 
245 1 0 |a Technickoorganizační rozvoj výroby  |b výrobní základ podnikové racionalizace  |c Jaroslav Jirásek 
264 1 |a Praha  |b Institut řízení  |c 1970 
300 |a 278 s. 
490 1 |a Rotaprint 
830 0 |a Rotaprint 
100 1 |a Jirásek, Jaroslav